书目信息 |
| 题名: |
中文版Flash MX专家培训教程
|
|
| 作者: | 崔亚量 主编 | |
| 分册: | ||
| 出版信息: | 成都 电子科技大学出版社 2003.09 |
|
| 页数: | 262页 | |
| 开本: | 26cm | |
| 丛书名: | ||
| 单 册: | ||
| 中图分类: | TP391.41 | |
| 科图分类: | ||
| 主题词: | 计算机应用 | |
| 电子资源: | ||
| ISBN: | 7-81094-214-X | |
| 000 | 00591nam0 2200193 45 | |
| 001 | 0455923306 | |
| 005 | 2004051315320330 | |
| 010 | @a7-81094-214-X@dRMB 19.80 | |
| 100 | @a20040513d2003 km y0chiy0120 ea | |
| 101 | 0 | @achi |
| 102 | @aCN@b510000 | |
| 200 | 1 | @a中文版Flash MX专家培训教程@Azhong wen ban Flash MX zhuan jia pei xun jiao cheng@f崔亚量主编@FCui Ya Liang Zhu Bian |
| 210 | @a成都@c电子科技大学出版社@d2003.09 | |
| 215 | @a262页@d26cm | |
| 606 | 0 | @a计算机应用 |
| 690 | @aTP391.41@v3 | |
| 701 | 0 | @a崔亚量@ACui Ya Liang@4主编 |
| 801 | 0 | @aCN@bPFT@c20040513 |
| 905 | @dTP391.41@eC979 | |
| 中文版Flash MX专家培训教程/崔亚量主编.-成都:电子科技大学出版社,2003.09 |
| 262页;26cm |
| ISBN 7-81094-214-X:RMB 19.80 |
| ● |
| 相关链接 |
|
|
|
正题名:中文版Flash MX专家培训教程
索取号:TP391.41/C979
 
预约/预借
| 序号 | 登录号 | 条形码 | 馆藏地/架位号 | 状态 | 备注 |
| 1 | 375090 | 203750903 | 自科二线404/301自科库 62排2列5层/ [索取号:TP391.41/C979] | 在馆 | |
| 2 | 375091 | 203750912 | 自科库301/301自科库 65排7列5层/ [索取号:TP391.41/C979] | 在馆 | |
| 3 | 375092 | 203750921 | 自科库301/301自科库 65排7列5层/ [索取号:TP391.41/C979] | 在馆 |